000 01107nam a22002537a 4500
001 44273
003 BD-RjUL
005 20211209053829.0
008 160716s1961 ii ||||| |||| 00| 0 ben d
020 _c: IRs 3.00
035 _a(BD-RjUL)44391
040 _aBD-RjUL
_bben
_cBD-RjUL
041 _aben
082 _223
_a891.441
_bDAT 1961
100 _aদত্ত, মাইকেল মধুসূদন
_9135932
245 1 0 _aতিলোত্তমাসম্ভব কাব্য /
_cমাইকেল মধুসূদন দত্ত
260 _aকলিকাতা :
_bবঙ্গীয়-সাহিত্য পরিষদ,
_c১৯৬১ [১৩৬৮]
300 _aবিভিন্ন পৃষ্ঠা ;
_c২১ সেমি.
650 _aবাংলা কবিতা
_9135933
650 _aBengali Poetry
_9135934
700 _aবন্দ্যোপাধ্যায়, ব্রজেন্দ্রনাথ, সম্পাদক
_9127218
700 _aদাস, সজনীকান্ত, সম্পাদক
_9124110
942 _2ddc
_cBK
999 _c44273
_d44273